| 000 | 00934nmc a2200361 a 4500 | ||
|---|---|---|---|
| 003 | AR-BaBNM | ||
| 005 | 20251128211618.0 | ||
| 008 | 075020s2002 ||||||||||||||000 | spa|| | ||
| 020 | _a84-493-1220-5 | ||
| 040 | _cAR-BaBNM | ||
| 100 | 1 | _aBurke, Peter | |
| 245 | 1 | 0 |
_aHistoria social del conocimiento _bde Gutenberg a Diderot |
| 250 | _a1ª ed. | ||
| 260 |
_aBarcelona _bPaidós _c2002 |
||
| 300 | 0 | _a321 p. | |
| 490 | 0 | _aOrígenes | |
| 504 | _aBibliografía p. 275 | ||
| 650 | 4 | _aHISTORIA SOCIAL | |
| 650 | 4 | _aIGLESIA Y ESTADO | |
| 650 | 4 | _aHISTORIA EUROPEA | |
| 650 | 4 | _aBIBLIOTECAS | |
| 650 | 4 | _aHISTORIA CULTURAL | |
| 650 | 4 | _aIMPRENTA | |
| 650 | 4 | _aSOCIOLOGIA DEL CONOCIMIENTO | |
| 650 | 4 | _aINTELECTUALES | |
| 650 | 4 | _aCONOCIMIENTO | |
| 650 | 4 | _aCLASIFICACION | |
| 651 | 4 | _aEuropa | |
| 653 | _aSOCIEDAD DE LA INFORMACION | ||
| 700 | 1 |
_aArias, Isidro _etraductor |
|
| 942 | _cBK | ||
| 998 | _cmariana | ||
| 999 |
_c20425 _d20425 |
||